[Event "ICS rated standard match"]
[Site "204.178.125.65"]
[Date "2001.07.10"]
[Round "?"]
[White "Hossa"]
[Black "rambo4"]
[Result "1-0"]
[WhiteElo "2255"]
[BlackElo "2200"]
[PlyCount "68"]
[EventDate "2001.??.??"]

1. c4 Nf6 2. Nf3 e6 3. g3 d5 4. cxd5 exd5 5. Bg2 c6 6. O-O Bd6 7. Nc3 O-O 8. d3
Re8 9. Bd2 Bg4 10. Bg5 Nbd7 11. Qd2 Qa5 12. Nd4 h6 13. Bf4 Bf8 14. h3 Bh5 15.
e4 dxe4 16. dxe4 Rad8 17. Nb3 Qb4 18. Qc2 Nc5 19. Nxc5 Qxc5 20. Be3 Qa5 21. a3
Bg6 22. Rad1 Qa6 23. Rxd8 Rxd8 24. Rd1 Re8 25. f3 b6 26. Ne2 Qb7 27. Qc4 b5 28.
Qc1 Nd7 29. Nf4 Bh7 30. b4 Ne5 31. Bf2 a5 32. Qc3 axb4 33. axb4 Nc4 34. Bf1 Bd6
{rambo4 resigns} 1-0

[Event "ICS rated blitz match"]
[Site "204.178.125.65"]
[Date "2001.07.10"]
[Round "?"]
[White "Logofet"]
[Black "Hossa"]
[Result "1/2-1/2"]
[WhiteElo "2404"]
[BlackElo "2662"]
[PlyCount "86"]
[EventDate "2001.??.??"]

1. d4 e6 2. c4 Nf6 3. Nf3 b6 4. g3 Be7 5. Bg2 Bb7 6. O-O O-O 7. Nc3 Ne4 8. Bd2
Nxd2 9. Qxd2 a6 10. d5 d6 11. Nd4 e5 12. Nf5 Bg5 13. f4 exf4 14. gxf4 Bf6 15.
e4 Re8 16. Rae1 Bc8 17. Ng3 Bxc3 18. Qxc3 Qh4 19. e5 Bd7 20. e6 fxe6 21. dxe6
Bc6 22. f5 Bxg2 23. Kxg2 Nc6 24. Re4 Qg5 25. h4 Qe7 26. Rff4 Ne5 27. Rg4 Nxg4
28. Rxg4 Kh8 29. Nh5 Rg8 30. Kh3 Raf8 31. Rg5 c6 32. Qd4 b5 33. b3 bxc4 34.
bxc4 Rb8 35. Kg3 Rb4 36. Nxg7 Rxg7 37. f6 Qxe6 38. fxg7+ Kg8 39. Qf4 Qe1+ 40.
Kh3 Qh1+ 41. Kg3 Qg1+ 42. Kh3 Qh1+ 43. Kg3 Qg1+ {Game drawn by mutual agreement
} 1/2-1/2

[Event "ICS rated blitz match"]
[Site "204.178.125.65"]
[Date "2001.07.10"]
[Round "?"]
[White "Hossa"]
[Black "Logofet"]
[Result "1-0"]
[WhiteElo "2652"]
[BlackElo "2414"]
[PlyCount "115"]
[EventDate "2001.??.??"]

1. d4 e6 2. c4 c5 3. Nf3 cxd4 4. Nxd4 a6 5. e4 Nf6 6. Nc3 Qc7 7. Bd3 b6 8. O-O
Bb7 9. Nf3 d6 10. Bf4 Nbd7 11. Ng5 h6 12. Nf3 g5 13. Be3 Bg7 14. Bd4 Ne5 15.
Nxe5 dxe5 16. Be3 Nd7 17. Qe2 O-O 18. h4 gxh4 19. Qh5 Kh7 20. Qxh4 Nc5 21. Bc2
f5 22. Rfd1 f4 23. Bxc5 bxc5 24. Ba4 Rad8 25. Bb3 Rd4 26. Qh5 Rfd8 27. Rac1 Kg8
28. Qh4 R8d7 29. Rb1 Qd8 30. Qh5 Kf8 31. Qg4 Qf6 32. Nd5 Qf7 33. Rxd4 cxd4 34.
Nb6 Rc7 35. Re1 h5 36. Qh3 Qg6 37. Bd1 Bxe4 38. Bxh5 Qh7 39. Qxe6 Qxh5 40. Qd6+
Re7 41. Nc8 Qg6 42. Qxe7+ Kg8 43. g3 fxg3 44. Qd8+ Kh7 45. Qh4+ Bh6 46. Qxe4
gxf2+ 47. Kxf2 Be3+ 48. Kf3 Qxe4+ 49. Kxe4 Kg6 50. Kxe5 Kg5 51. c5 Kg4 52. c6
Kf3 53. Rf1+ Ke2 54. c7 d3 55. Rh1 d2 56. Nd6 Bf2 57. c8=Q Bg3+ 58. Ke4 {
Logofet resigns} 1-0

[Event "ICS rated blitz match"]
[Site "204.178.125.65"]
[Date "2001.07.10"]
[Round "?"]
[White "Logofet"]
[Black "Hossa"]
[Result "0-1"]
[WhiteElo "2408"]
[BlackElo "2658"]
[PlyCount "64"]
[EventDate "2001.??.??"]

1. d4 f5 2. c4 e6 3. Nf3 Nf6 4. g3 Bb4+ 5. Bd2 Be7 6. Bg2 O-O 7. O-O Ne4 8. Nc3
Nxd2 9. Qxd2 d6 10. e4 fxe4 11. Nxe4 Rf5 12. Rfe1 Bd7 13. h4 Qf8 14. Qe3 Nc6
15. Ned2 Nd8 16. Re2 a6 17. Rae1 a5 18. Ng5 h6 19. Nh3 c5 20. dxc5 Rxc5 21. Nf4
Rf5 22. Nf3 Bc6 23. Bh3 Rf6 24. Nd4 e5 25. Nd5 Bxd5 26. cxd5 a4 27. Qd3 Qf7 28.
Bg2 a3 29. bxa3 g5 30. hxg5 hxg5 31. g4 Ra4 32. Nf5 Rxg4 {Logofet resigns} 0-1

[Event "ICS rated standard match"]
[Site "204.178.125.65"]
[Date "2001.07.10"]
[Round "?"]
[White "Mike1234"]
[Black "Hossa"]
[Result "0-1"]
[WhiteElo "2043"]
[BlackElo "2256"]
[PlyCount "58"]
[EventDate "2001.??.??"]

1. e4 d6 2. d3 e5 3. f4 exf4 4. Bxf4 Nc6 5. Nf3 Nf6 6. Nc3 Be6 7. Be2 d5 8. e5
Nd7 9. d4 Be7 10. O-O O-O 11. a3 f6 12. Bb5 fxe5 13. Bxe5 Ncxe5 14. Nxe5 Nxe5
15. dxe5 c6 16. Bd3 Bc5+ 17. Kh1 Qg5 18. Qe2 Bg4 19. Rxf8+ Rxf8 20. Qe1 Bf2 21.
Qc1 Qxe5 22. h3 Bh5 23. Qd2 Be3 24. Qe1 Qg5 25. Nd1 Bxd1 26. Rxd1 Rf2 27. Qg1
Rxc2 28. Qh2 Bf4 29. Qg1 Rxb2 {Mike1234 resigns} 0-1

[Event "ICS rated blitz match"]
[Site "204.178.125.65"]
[Date "2001.07.10"]
[Round "?"]
[White "Mommel"]
[Black "Hossa"]
[Result "0-1"]
[WhiteElo "2106"]
[BlackElo "2664"]
[PlyCount "84"]
[EventDate "2001.??.??"]

1. g3 g6 2. c3 Bg7 3. Bg2 Nf6 4. d3 O-O 5. Nd2 d5 6. e4 dxe4 7. Nxe4 Nxe4 8.
dxe4 Qxd1+ 9. Kxd1 Rd8+ 10. Kc2 Bd7 11. Ne2 Ba4+ 12. b3 Bb5 13. Nd4 Bxd4 14.
cxd4 Rxd4 15. Bb2 Rd8 16. Rad1 Nc6 17. f4 Nb4+ 18. Kb1 Bd3+ 19. Ka1 Nc2+ 20.
Kb1 Ne3+ 21. Ka1 Nxg2 22. a4 Ne3 23. Rd2 Bxe4 24. Rxd8+ Rxd8 25. Rc1 Nc2+ 26.
Ka2 Rd2 27. b4 Nxb4+ 28. Kb3 Nd3 29. Rxc7 Rxb2+ 30. Kc4 Rc2+ 31. Kd4 Rxc7 32.
Kxe4 Nf2+ 33. Kf3 Rc3+ 34. Kg2 Kg7 35. a5 Kh6 36. a6 Kh5 37. h3 Ne4 38. Kf1 Rc2
39. Kg1 Nxg3 40. f5 Kh4 41. f6 Kxh3 42. axb7 Rg2# {Mommel checkmated} 0-1

[Event "ICS Rated blitz match"]
[Site "204.178.125.65"]
[Date "2001.07.10"]
[Round "?"]
[White "Hossa"]
[Black "Amateur"]
[Result "0-1"]
[WhiteElo "2665"]
[BlackElo "2593"]
[PlyCount "100"]
[EventDate "2001.??.??"]

1. d4 Nf6 2. c4 c5 3. Nf3 cxd4 4. Nxd4 Nc6 5. e3 Nxd4 6. exd4 e6 7. Be2 d5 8.
c5 Be7 9. O-O O-O 10. Bf4 Bd7 11. Qc2 Qa5 12. Nc3 Bc6 13. Bd3 Rac8 14. Be5 b6
15. b4 Qxb4 16. Rab1 Qa5 17. Nb5 Ne4 18. f3 Nd2 19. Nxa7 Qxa7 20. Bxh7+ Kh8 21.
Qxd2 Kxh7 22. Rxb6 f6 23. Bg3 e5 24. Rc1 exd4 25. Qd3+ f5 26. Ra6 Qd7 27. Qxd4
Ra8 28. Rxa8 Rxa8 29. Rc2 Qb7 30. Qf4 Qb1+ 31. Rc1 Qd3 32. Re1 Bxc5+ 33. Kh1
Rxa2 34. Qg5 Be8 35. Qh4+ Kg6 36. Qh8 Re2 37. Ra1 Bd4 38. Rc1 Qd2 39. Rf1 f4
40. Bh4 Bd7 41. Bf6 Bxf6 42. g4 fxg3 43. hxg3 Re1 44. Rxe1 Qxe1+ 45. Kg2 Bd4
46. g4 Qg1+ 47. Kh3 Bxg4+ 48. fxg4 Qf1+ 49. Kg3 Be5+ 50. Kh4 Qh1# {
Hossa checkmated} 0-1

[Event "ICS rated bullet match"]
[Site "204.178.125.65"]
[Date "2001.07.10"]
[Round "?"]
[White "Hossa"]
[Black "Likvidator"]
[Result "1-0"]
[WhiteElo "2583"]
[BlackElo "2182"]
[PlyCount "55"]
[EventDate "2001.??.??"]

1. d4 c6 2. c4 d5 3. Nf3 e6 4. cxd5 exd5 5. Bf4 Nf6 6. e3 Be7 7. Bd3 O-O 8. Nc3
Re8 9. Qc2 Nbd7 10. O-O Nf8 11. Ng5 Bd6 12. Bxd6 Qxd6 13. Ne2 h6 14. Nf3 Be6
15. Nf4 N6d7 16. Nxe6 Nxe6 17. Bh7+ Kh8 18. Bf5 Rac8 19. Qb3 b6 20. Qc2 c5 21.
Qd2 c4 22. Rfe1 b5 23. Rac1 Qb6 24. e4 dxe4 25. Rxe4 Nf6 26. Rh4 Kg8 27. Ne5
Nxd4 28. Bxc8 {Likvidator resigns} 1-0

[Event "ICS Rated blitz match"]
[Site "204.178.125.65"]
[Date "2001.07.10"]
[Round "?"]
[White "Amateur"]
[Black "Hossa"]
[Result "1/2-1/2"]
[WhiteElo "2612"]
[BlackElo "2646"]
[PlyCount "184"]
[EventDate "2001.??.??"]

1. Nf3 c5 2. g3 Nc6 3. Bg2 g6 4. O-O Bg7 5. d3 Nf6 6. Bg5 O-O 7. Nc3 d5 8. Qd2
Bg4 9. Bh6 Bxf3 10. exf3 Bxh6 11. Qxh6 Nd4 12. Qd2 e5 13. Rae1 Qb6 14. Rxe5
Qxb2 15. Rb1 Qxc2 16. Qxc2 Nxc2 17. Rxb7 Nb4 18. f4 Rad8 19. a3 Nxd3 20. Nxd5
Ng4 21. Ree7 a5 22. f3 Nh6 23. Nf6+ Kg7 24. Ne4 Nf5 25. Rec7 Nd6 26. Nxd6 Rxd6
27. a4 h5 28. Bf1 h4 29. gxh4 Nxf4 30. Rxc5 Ra8 31. Rcc7 Rf8 32. Bc4 Rf6 33.
Rb5 Ra8 34. Rbb7 Rf8 35. Rd7 Rf5 36. Ra7 Nh3+ 37. Kg2 Nf4+ 38. Kf2 Kg8 39. Rdb7
Nh3+ 40. Kg3 Nf4 41. Rd7 Nh5+ 42. Kf2 Nf4 43. Rab7 Kg7 44. Rb5 Rxb5 45. axb5
Kf6 46. Ra7 Rc8 47. Rxf7+ Ke5 48. Re7+ Kf5 49. Rf7+ Ke5 50. Bf1 Rc2+ 51. Kg1
Ra2 52. Re7+ Kf6 53. Rc7 a4 54. Ra7 a3 55. b6 Ke5 56. b7 Rb2 57. Ra5+ Kd6 58.
Ba6 Rb1+ 59. Kf2 Rb2+ 60. Kg3 Nh5+ 61. Kh3 Nf4+ 62. Kg4 Ne6 63. Ra4 Kc7 64.
Rc4+ Kd6 65. Rc2 Rb1 66. Rd2+ Kc6 67. Rc2+ Kd6 68. Rg2 a2 69. b8=Q+ Rxb8 70.
Rxa2 Rb4+ 71. Kg3 Nf4 72. Ra5 Nh5+ 73. Kg2 Nf4+ 74. Kf2 Rb8 75. Kg3 Rb4 76. Rb5
Nh5+ 77. Kh3 Rxb5 78. Bxb5 Ke5 79. Kg4 Kf6 80. Bd3 Ng7 81. h3 Ne6 82. Ba6 Nc5
83. Bb5 Ne6 84. h5 gxh5+ 85. Kxh5 Nd4 86. Bc4 Nxf3 87. Kh6 Ke5 88. Bb5 Kf4 89.
Kh5 Kg3 90. Bd7 Ng1 91. h4 Nf3 92. Be6 Nxh4 {
Game drawn because neither player has mating material} 1/2-1/2

[Event "ICS rated blitz match"]
[Site "204.178.125.65"]
[Date "2001.07.10"]
[Round "?"]
[White "Hossa"]
[Black "ChesterX"]
[Result "0-1"]
[WhiteElo "2644"]
[BlackElo "2822"]
[PlyCount "83"]
[EventDate "2001.??.??"]

1. d4 e6 2. e4 d5 3. Nd2 Nf6 4. e5 Nfd7 5. Bd3 c5 6. c3 Nc6 7. Ne2 cxd4 8. cxd4
f6 9. exf6 Qxf6 10. Nf3 h6 11. Be3 Bb4+ 12. Nc3 Bxc3+ 13. bxc3 O-O 14. Qb3 Qf7
15. Qc2 e5 16. Bg6 Qf6 17. Bh5 e4 18. Nd2 b6 19. Nb3 Ba6 20. Bg4 Bd3 21. Qd2
Qd6 22. Be2 Bxe2 23. Qxe2 Rac8 24. O-O Ne7 25. Rac1 Nf6 26. Nd2 Qa3 27. Nb3 Rc4
28. Bf4 Rfc8 29. Qd2 a5 30. Bxh6 gxh6 31. Qxh6 R4c6 32. Rc2 Ng4 33. Qh4 Rg6 34.
Rb1 Qd6 35. Qh5 Kg7 36. Qh3 Rh8 37. Qg3 Qxg3 38. fxg3 Rxh2 39. Rcc1 Rgh6 40.
Kf1 Rf6+ 41. Kg1 Nf5 42. Nc5 {Hossa resigns} 0-1

[Event "ICS rated blitz match"]
[Site "204.178.125.65"]
[Date "2001.07.10"]
[Round "?"]
[White "Florina"]
[Black "Hossa"]
[Result "0-1"]
[WhiteElo "2369"]
[BlackElo "2636"]
[PlyCount "84"]
[EventDate "2001.??.??"]

1. e4 e5 2. Nf3 Nf6 3. Nxe5 d6 4. Nf3 Nxe4 5. d4 d5 6. Bd3 Bf5 7. O-O Nc6 8.
Re1 Be7 9. c4 Nb4 10. Bf1 Nf6 11. Ne5 Nc2 12. Nc3 Nxa1 13. Bd3 Bxd3 14. Qxd3
dxc4 15. Nxc4 c5 16. d5 O-O 17. d6 Re8 18. Bg5 Bxd6 19. Rxe8+ Qxe8 20. Nxd6
Qe1+ 21. Qf1 Qxf1+ 22. Kxf1 Nd7 23. Nxb7 Rb8 24. Nd6 Rxb2 25. g3 Rc2 26. Nce4
Rxa2 27. Nc4 Nc2 28. h4 Nb6 29. Ne3 Ra1+ 30. Kg2 Ne1+ 31. Kh3 Nd3 32. Kg4 f6
33. Bf4 Nxf4 34. Kxf4 c4 35. Nd6 c3 36. Ne4 Nd5+ 37. Nxd5 c2 38. Ne7+ Kf7 39.
Nf5 c1=Q+ 40. Kg4 h5+ 41. Kf3 Qd1+ 42. Kg2 Qh1# {Florina checkmated} 0-1

[Event "ICS rated standard match"]
[Site "204.178.125.65"]
[Date "2001.07.10"]
[Round "?"]
[White "Hossa"]
[Black "dori"]
[Result "1-0"]
[WhiteElo "2257"]
[BlackElo "2053"]
[PlyCount "49"]
[EventDate "2001.??.??"]

1. Nf3 c5 2. g3 Nc6 3. Bg2 g6 4. O-O Bg7 5. d3 e6 6. c3 Nge7 7. d4 b6 8. dxc5
bxc5 9. Re1 O-O 10. Qd6 Qb6 11. e4 Rd8 12. b3 Bf8 13. Qf4 d5 14. Ng5 f5 15.
exd5 exd5 16. Qh4 h6 17. Ne6 Bxe6 18. Rxe6 g5 19. Qh5 Rd7 20. h4 Qd8 21. hxg5
Qe8 22. g6 Nd8 23. Ra6 Ndc6 24. Bxh6 Nxg6 25. Rxc6 {dori resigns} 1-0

[Event "ICS rated bullet match"]
[Site "204.178.125.65"]
[Date "2001.07.10"]
[Round "?"]
[White "Marpy1"]
[Black "Hossa"]
[Result "0-1"]
[WhiteElo "2376"]
[BlackElo "2586"]
[PlyCount "120"]
[EventDate "2001.??.??"]

1. d4 f5 2. Nf3 e6 3. c4 Nf6 4. Nc3 Be7 5. Bg5 O-O 6. g3 Ne4 7. Bxe7 Qxe7 8.
Qc2 Nc6 9. a3 Nxc3 10. Qxc3 Qf7 11. e3 d6 12. Bg2 Bd7 13. h4 Qe7 14. O-O Rf6
15. Rfe1 Qe8 16. Rad1 Rh6 17. Qd3 Qe7 18. Qe2 Be8 19. Qd3 Bh5 20. Rc1 Rd8 21.
Nh2 Qd7 22. Bf3 e5 23. Bxh5 Rxh5 24. dxe5 dxe5 25. Qxd7 Rxd7 26. Red1 Rd6 27.
Nf3 e4 28. Nd4 Nxd4 29. Rxd4 Rxd4 30. exd4 Rh6 31. Rd1 Rb6 32. b4 Rc6 33. c5
Ra6 34. Ra1 Kf7 35. Kf1 Ke6 36. Ke2 Kd5 37. Ke3 Ra4 38. Ra2 a5 39. bxa5 Rxd4
40. Rb2 Rd3+ 41. Ke2 Kc6 42. Rc2 Rxa3 43. Kf1 Rxa5 44. Kg2 Rxc5 45. Rd2 Rc3 46.
Rd8 Rd3 47. Rg8 g6 48. Rf8 h5 49. Rf6+ Rd6 50. Rf8 b5 51. Rb8 Kc5 52. Ra8 Kc4
53. Rb8 c5 54. Rc8 Rd2 55. Re8 b4 56. Rc8 b3 57. Rb8 e3 58. Ra8 b2 59. Kh3 exf2
60. Rb8 f1=Q# {Marpy1 checkmated} 0-1

[Event "ICS rated bullet match"]
[Site "204.178.125.65"]
[Date "2001.07.10"]
[Round "?"]
[White "Hossa"]
[Black "Marpy1"]
[Result "1-0"]
[WhiteElo "2593"]
[BlackElo "2369"]
[PlyCount "107"]
[EventDate "2001.??.??"]

1. Nf3 c6 2. e4 d5 3. exd5 cxd5 4. Bb5+ Nc6 5. Ne5 Nf6 6. Nxc6 bxc6 7. Bxc6+
Bd7 8. Bxa8 Qxa8 9. d4 g6 10. O-O Bg7 11. Re1 e6 12. Nc3 O-O 13. Bf4 Qb7 14.
Rb1 Qc6 15. Qd2 Rc8 16. Bh6 Qa6 17. Bxg7 Kxg7 18. Qe3 Qc4 19. Qf4 Qc7 20. Qh4
h6 21. a3 g5 22. Qh3 Qf4 23. Qe3 Qxe3 24. fxe3 Rc7 25. h3 a5 26. Rf1 Bc6 27.
Rf2 Rb7 28. Kh2 Ne4 29. Nxe4 dxe4 30. b4 axb4 31. axb4 Rc7 32. c4 Bd7 33. Rc1
Be8 34. Rb2 f5 35. b5 Rb7 36. Kg3 Kf6 37. Ra1 e5 38. Ra6+ Kf7 39. dxe5 f4+ 40.
exf4 gxf4+ 41. Kxf4 Bd7 42. Kxe4 Be6 43. c5 Rd7 44. Rf2+ Ke7 45. Rxe6+ Kxe6 46.
Rf6+ Ke7 47. c6 Rd1 48. Rxh6 Re1+ 49. Kd5 Rd1+ 50. Kc5 Rc1+ 51. Kb6 Rb1 52. c7
Rc1 53. Rc6 Kd7 54. c8=Q+ {Marpy1 resigns} 1-0

[Event "ICS rated standard match"]
[Site "204.178.125.65"]
[Date "2001.07.10"]
[Round "?"]
[White "RisingPower"]
[Black "Hossa"]
[Result "0-1"]
[WhiteElo "2169"]
[BlackElo "2265"]
[PlyCount "120"]
[EventDate "2001.??.??"]

1. e4 e5 2. Nf3 Nf6 3. Nxe5 d6 4. Nf3 Nxe4 5. Nc3 Nxc3 6. dxc3 Be7 7. Bf4 O-O
8. Bd3 Re8 9. O-O Bg4 10. h3 Bd7 11. Re1 Nc6 12. Qd2 Be6 13. Re2 Qd7 14. Rae1
Bf5 15. Nd4 Bxd3 16. Qxd3 Bf6 17. Rxe8+ Rxe8 18. Rxe8+ Qxe8 19. Nxc6 Qxc6 20.
Qe3 b6 21. Bg5 Bxg5 22. Qxg5 Qe8 23. Kf1 h6 24. Qd5 Qa4 25. Qb3 Qf4 26. g3 Qe4
27. Qb5 Qh1+ 28. Ke2 g6 29. Qe8+ Kg7 30. h4 Qc1 31. Qe4 Qxb2 32. Qd4+ Kg8 33.
Kd3 Qxa2 34. h5 gxh5 35. Qh4 Qd5+ 36. Ke2 Qe5+ 37. Kd3 Qf5+ 38. Ke3 Qg5+ 39.
Kd4 Qxh4+ 40. gxh4 Kg7 41. Kd5 Kg6 42. Kc6 Kf5 43. Kb5 a5 44. c4 Kg4 45. c3
Kxh4 46. f4 Kg4 47. f5 h4 48. c5 h3 49. f6 dxc5 50. c4 h2 51. Kc6 a4 52. Kd7 a3
53. Ke8 a2 54. Kxf7 a1=Q 55. Ke7 Qe5+ 56. Kf7 h1=Q 57. Kg7 Qg5+ 58. Kf7 Qe4 59.
Kf8 Qxf6+ 60. Kg8 Qeg6# {RisingPower checkmated} 0-1

[Event "ICS rated blitz match"]
[Site "204.178.125.65"]
[Date "2001.07.10"]
[Round "?"]
[White "Hossa"]
[Black "tea-pot"]
[Result "1-0"]
[WhiteElo "2642"]
[BlackElo "2085"]
[PlyCount "69"]
[EventDate "2001.??.??"]

1. Nf3 d5 2. b3 Nf6 3. Bb2 e6 4. e3 Be7 5. Be2 c5 6. O-O O-O 7. d4 Nc6 8. Nbd2
cxd4 9. exd4 Bd6 10. c3 Qc7 11. Re1 Bd7 12. Bb5 a6 13. Bxc6 Bxc6 14. Ne5 Nd7
15. Ndf3 Nxe5 16. Nxe5 b5 17. Qg4 Rac8 18. Re3 Be8 19. a3 Bxe5 20. Rxe5 Bd7 21.
Rg5 g6 22. Qh4 f5 23. Re1 Rce8 24. Re5 Rf7 25. Rg3 Qd8 26. Qh6 Qf6 27. Bc1 Qg7
28. Qh4 Bc8 29. Bh6 Qh8 30. Rge3 Rg7 31. Bxg7 Qxg7 32. Rxd5 Bb7 33. Rxe6 Bxd5
34. Rxe8+ Kf7 35. Qe7# {tea-pot checkmated} 1-0

[Event "ICS rated blitz match"]
[Site "204.178.125.65"]
[Date "2001.07.10"]
[Round "?"]
[White "tea-pot"]
[Black "Hossa"]
[Result "0-1"]
[WhiteElo "2084"]
[BlackElo "2643"]
[PlyCount "56"]
[EventDate "2001.??.??"]

1. e4 e5 2. Nf3 Nf6 3. d4 exd4 4. e5 Ne4 5. Nxd4 Qh4 6. Qf3 Bb4+ 7. c3 Nxc3 8.
bxc3 Qxd4 9. cxb4 Qxa1 10. Bd3 Qxe5+ 11. Be3 Nc6 12. O-O Nxb4 13. Bf4 Qe7 14.
Bc4 O-O 15. Nc3 d6 16. Qg3 Bf5 17. f3 d5 18. Re1 Qc5+ 19. Kh1 Qxc4 20. Be5 f6
21. Na4 fxe5 22. Qxe5 Nd3 23. Qc3 Nxe1 24. Qxc4 dxc4 25. Nc3 Bh3 26. gxh3 Rxf3
27. Kg1 Raf8 28. Ne4 Rf1# {tea-pot checkmated} 0-1

[Event "ICS rated blitz match"]
[Site "204.178.125.65"]
[Date "2001.07.10"]
[Round "?"]
[White "tea-pot"]
[Black "Hossa"]
[Result "0-1"]
[WhiteElo "2082"]
[BlackElo "2645"]
[PlyCount "28"]
[EventDate "2001.??.??"]

1. e4 d6 2. d3 e5 3. f4 exf4 4. Bxf4 Nc6 5. Nc3 Nf6 6. Nf3 Be7 7. Qe2 O-O 8. h3
Nh5 9. Bh2 f5 10. O-O-O fxe4 11. Nxe4 d5 12. Nc3 Bd6 13. Ne5 Qg5+ 14. Kb1 Bxe5
{tea-pot resigns} 0-1

[Event "ICS rated blitz match"]
[Site "204.178.125.65"]
[Date "2001.07.10"]
[Round "?"]
[White "Hossa"]
[Black "tea-pot"]
[Result "1/2-1/2"]
[WhiteElo "2646"]
[BlackElo "2081"]
[PlyCount "143"]
[EventDate "2001.??.??"]

1. Nf3 c5 2. g3 d6 3. d3 g6 4. Bg2 Bg7 5. d4 Nf6 6. dxc5 dxc5 7. Qxd8+ Kxd8 8.
O-O Nc6 9. Na3 e6 10. Ng5 Ke7 11. Bxc6 bxc6 12. Rd1 Ba6 13. c4 Rab8 14. Rb1 h6
15. Bf4 Rbd8 16. Nf3 Ne4 17. Rd3 g5 18. Be5 f6 19. Bc7 Rxd3 20. exd3 Nd6 21. h3
Kd7 22. Bxd6 Kxd6 23. Kf1 Rb8 24. b3 f5 25. Nc2 Ke7 26. Re1 Bc8 27. Ne5 Bd7 28.
f4 gxf4 29. gxf4 Bf6 30. Re2 Rg8 31. Nxd7 Kxd7 32. Rg2 Rxg2 33. Kxg2 e5 34.
fxe5 Bxe5 35. Ne1 Ke6 36. Nf3 Bf4 37. Kf2 Kf6 38. Ke2 Kg6 39. d4 cxd4 40. b4
Bd6 41. c5 Be7 42. Nxd4 f4 43. Nxc6 Bxc5 44. bxc5 Kf6 45. Nxa7 Ke6 46. c6 Kd6
47. a4 h5 48. Kf3 Kc7 49. Kxf4 Kb6 50. a5+ Kxa7 51. a6 Kxa6 52. Ke5 Ka7 53. Kd6
Kb8 54. Kd7 Ka7 55. c7 Kb6 56. Kd6 Kb7 57. h4 Kc8 58. Ke5 Kxc7 59. Kf5 Kd7 60.
Kg5 Ke7 61. Kxh5 Kf7 62. Kh6 Kg8 63. h5 Kh8 64. Kg6 Kg8 65. h6 Kh8 66. Kh5 Kh7
67. Kg5 Kg8 68. Kh4 Kh7 69. Kh5 Kh8 70. Kg6 Kg8 71. h7+ Kh8 72. Kh6 {
tea-pot stalemated} 1/2-1/2

[Event "ICS rated blitz match"]
[Site "204.178.125.65"]
[Date "2001.07.10"]
[Round "?"]
[White "tea-pot"]
[Black "Hossa"]
[Result "0-1"]
[WhiteElo "2096"]
[BlackElo "2631"]
[PlyCount "82"]
[EventDate "2001.??.??"]

1. e4 d6 2. d3 e5 3. f4 exf4 4. Bxf4 Nc6 5. Nc3 Nf6 6. Nf3 Be7 7. Be2 O-O 8.
O-O Bg4 9. Kh1 Be6 10. Be3 Ng4 11. Bg1 Bf6 12. h3 Nge5 13. Nxe5 dxe5 14. Bg4
Bxg4 15. Qxg4 Qc8 16. Qg3 Be7 17. Nd5 f6 18. Be3 Qd7 19. Bh6 Rf7 20. c3 Raf8
21. Rf2 Bc5 22. Rf3 f5 23. b4 fxe4 24. dxe4 Bf2 25. Qxf2 Rxf3 26. gxf3 Qxh3+
27. Kg1 Rxf3 28. Qh2 Qg4+ 29. Kh1 Qxe4 30. Rg1 Rd3+ 31. Rg2 Rd1+ 32. Qg1 Qh4+
33. Rh2 Rxg1+ 34. Kxg1 Qe1+ 35. Kg2 Qe4+ 36. Kg1 Qb1+ 37. Kg2 Qxa2+ 38. Kh3
Qxd5 39. Bxg7 Qf3+ 40. Kh4 h5 41. Rh3 Qg4# {tea-pot checkmated} 0-1

[Event "ICS rated blitz match"]
[Site "204.178.125.65"]
[Date "2001.07.10"]
[Round "?"]
[White "Hossa"]
[Black "tea-pot"]
[Result "1-0"]
[WhiteElo "2634"]
[BlackElo "2093"]
[PlyCount "91"]
[EventDate "2001.??.??"]

1. Nf3 d5 2. b3 e6 3. e3 Nf6 4. d4 c5 5. Bd3 Nc6 6. c3 Bd6 7. dxc5 Bxc5 8. O-O
Bd7 9. Ba3 Qe7 10. Bxc5 Qxc5 11. b4 Qd6 12. Nbd2 Ne5 13. Nb3 Nxd3 14. Qxd3 b6
15. Nbd2 Qe7 16. Ne5 Rc8 17. a4 O-O 18. Rfd1 Rfd8 19. Rdc1 Bc6 20. Qd4 Bb7 21.
a5 Ne4 22. axb6 Nxd2 23. Qxd2 axb6 24. Qd4 Qd6 25. Ra7 Rb8 26. Rd1 f6 27. Nc4
Qc7 28. Nxb6 Rd6 29. Na4 Ra6 30. Rxa6 Bxa6 31. Nc5 Qd6 32. e4 Bc4 33. Qxc4 dxc4
34. Rxd6 h6 35. Nxe6 Rb7 36. Rc6 Kh7 37. Rc7 Rxc7 38. Nxc7 Kg8 39. b5 Kf8 40.
b6 Ke7 41. b7 Kd7 42. b8=Q Kc6 43. Ne8 Kc5 44. Qd6+ Kb5 45. Nc7+ Ka4 46. Qb4# {
tea-pot checkmated} 1-0

[Event "ICS rated blitz match"]
[Site "204.178.125.65"]
[Date "2001.07.10"]
[Round "?"]
[White "tea-pot"]
[Black "Hossa"]
[Result "0-1"]
[WhiteElo "2092"]
[BlackElo "2635"]
[PlyCount "72"]
[EventDate "2001.??.??"]

1. f4 Nf6 2. Nf3 g6 3. e3 Bg7 4. Nc3 O-O 5. d4 d5 6. Bd3 Nc6 7. a3 Kh8 8. Ne5
Nxe5 9. fxe5 Ne8 10. O-O f6 11. exf6 Nxf6 12. Bd2 c6 13. Be1 Ng4 14. Qe2 Rxf1+
15. Qxf1 Nxe3 16. Qf4 Nf5 17. Bxf5 Bxf5 18. Ne2 Bxc2 19. Bg3 Qd7 20. Qe3 Rf8
21. Rf1 Rxf1+ 22. Kxf1 Qf5+ 23. Qf2 Bd3 24. Qxf5 gxf5 25. Bf2 c5 26. dxc5 Bxb2
27. a4 d4 28. Ke1 e5 29. Kd2 Bxe2 30. Kxe2 e4 31. Bg3 Bc3 32. Bb8 Kg7 33. Bxa7
d3+ 34. Kd1 e3 35. c6 e2+ 36. Kc1 e1=Q# {tea-pot checkmated} 0-1

[Event "ICS rated blitz match"]
[Site "204.178.125.65"]
[Date "2001.07.10"]
[Round "?"]
[White "Hossa"]
[Black "tea-pot"]
[Result "1-0"]
[WhiteElo "2636"]
[BlackElo "2091"]
[PlyCount "97"]
[EventDate "2001.??.??"]

1. Nf3 d5 2. b3 e6 3. e3 c5 4. Bb2 Nc6 5. Be2 Nf6 6. O-O Bd6 7. d4 cxd4 8. exd4
O-O 9. c3 Qe7 10. Re1 b6 11. Bd3 a5 12. Ne5 Bb7 13. a4 Rac8 14. Nd2 Nd7 15.
Nxd7 Qxd7 16. Qh5 g6 17. Qh6 Qc7 18. g3 Ne7 19. Nf3 Nf5 20. Bxf5 exf5 21. Ng5
f6 22. Ne6 Qf7 23. Nxf8 Rxf8 24. Qe3 Bc8 25. Ba3 Bxa3 26. Rxa3 Bd7 27. Qe7 Kg7
28. Qd6 Re8 29. Rxe8 Qxe8 30. Ra1 g5 31. Qxb6 f4 32. Qxa5 Bh3 33. Qxd5 Qe2 34.
Qb7+ Kg6 35. b4 fxg3 36. hxg3 Bg4 37. Qb5 Qf3 38. Qe8+ Kh6 39. Qf8+ Kg6 40.
Qg8+ Kh6 41. c4 Bf5 42. Qf8+ Kg6 43. Qe8+ Kh6 44. Qe3 Qh5 45. Qe7 Qf3 46. Qxf6+
Kh5 47. Re1 Bh3 48. Qxf3+ g4 49. Qf5+ {tea-pot resigns} 1-0

[Event "ICS rated blitz match"]
[Site "204.178.125.65"]
[Date "2001.07.10"]
[Round "?"]
[White "tea-pot"]
[Black "Hossa"]
[Result "0-1"]
[WhiteElo "2090"]
[BlackElo "2637"]
[PlyCount "76"]
[EventDate "2001.??.??"]

1. e3 Nf6 2. d4 g6 3. c4 Bg7 4. Nc3 d5 5. Nf3 O-O 6. Bd2 c6 7. Rc1 Ne4 8. Bd3
Nxd2 9. Qxd2 dxc4 10. Bxc4 e5 11. dxe5 Qxd2+ 12. Kxd2 Bg4 13. Ke2 Nd7 14. Rhd1
Nxe5 15. Bb3 Rfe8 16. h3 Nxf3 17. hxg4 Nd4+ 18. Kf1 Nxb3 19. axb3 Rad8 20. Rxd8
Rxd8 21. Rd1 Rxd1+ 22. Nxd1 h6 23. Ke1 Kf8 24. Kd2 Ke7 25. Kd3 Kd6 26. f4 Kc5
27. Kc2 Kd5 28. Nf2 Bf6 29. Kd3 Bxb2 30. e4+ Kc5 31. f5 Bf6 32. Nd1 Kb4 33. Kc2
Be5 34. Nf2 Kc5 35. Nd3+ Kd4 36. Nb4 Kxe4 37. Na2 gxf5 38. Nb4 fxg4 {
tea-pot resigns} 0-1

[Event "ICS rated blitz match"]
[Site "204.178.125.65"]
[Date "2001.07.10"]
[Round "?"]
[White "Hossa"]
[Black "tea-pot"]
[Result "1-0"]
[WhiteElo "2638"]
[BlackElo "2089"]
[PlyCount "48"]
[EventDate "2001.??.??"]

1. Nf3 d5 2. b3 e6 3. e3 c5 4. Bb2 Nf6 5. Be2 Be7 6. O-O O-O 7. d4 Nc6 8. Nbd2
Ne4 9. Bd3 f5 10. dxc5 Bxc5 11. c4 Ne7 12. cxd5 exd5 13. Rc1 Bd6 14. Nd4 Kh8
15. Nb5 a6 16. Nxd6 Qxd6 17. Nb1 Qe6 18. Ba3 Bd7 19. Bxe4 dxe4 20. Bxe7 Qxe7
21. Rc7 Rfd8 22. Qd4 Qe8 23. Rd1 Rac8 24. Rxb7 Qf8 {tea-pot resigns} 1-0

[Event "ICS rated blitz match"]
[Site "204.178.125.65"]
[Date "2001.07.10"]
[Round "?"]
[White "tea-pot"]
[Black "Hossa"]
[Result "0-1"]
[WhiteElo "2088"]
[BlackElo "2639"]
[PlyCount "48"]
[EventDate "2001.??.??"]

1. e4 e5 2. d3 d5 3. f4 dxe4 4. fxe5 Nc6 5. Nc3 exd3 6. Bxd3 Nxe5 7. Bb5+ c6 8.
Qxd8+ Kxd8 9. Be2 Kc7 10. Bf4 Bd6 11. g3 Be6 12. Ne4 g5 13. Bxg5 Bd5 14. Bd3 h6
15. Bh4 Bb4+ 16. Kf2 f5 17. Nf6 Nxf6 18. Bxf6 Ng4+ 19. Ke2 Rhe8+ 20. Kf1 Nxf6
21. Nh3 Bxh1 22. c3 Bc5 23. Nf4 Ng4 24. Re1 Nxh2# {tea-pot checkmated} 0-1